000
00279nam a2200109Ia 4500
001
1275938
005
20260417160437.0
008
260417s9999 xx 000 0 und d
020
_a
9786256910027
245
0
_a
Masal Krallığı - Cezeri
_c
Didem Demirel
260
_b
Ketebe Çocuk
999
_c
1275938
_d
1275938